Library Banner

Searchlights on Baloches and Balochistan (Record no. 66758)

MARC details
000 -LEADER
fixed length control field 00389nam a22001457a 4500
005 - DATE AND TIME OF LATEST TRANSACTION
control field 20150302154852.0
008 - FIXED-LENGTH DATA ELEMENTS--GENERAL INFORMATION
fixed length control field 150302b xxu||||| |||| 00| 0 eng d
040 ## - CATALOGING SOURCE
Transcribing agency PK-LaUMT
082 ## - DEWEY DECIMAL CLASSIFICATION NUMBER
Classification number KHC 954.915
Item number MIR-S
100 ## - MAIN ENTRY--PERSONAL NAME
Personal name Mir Khuda Bakhsh
245 ## - TITLE STATEMENT
Title Searchlights on Baloches and Balochistan
Statement of responsibility, etc Mir Khuda Bakhsh
260 ## - PUBLICATION, DISTRIBUTION, ETC. (IMPRINT)
Place of publication, distribution, etc Karachi
Name of publisher, distributor, etc Royal Book
Date of publication, distribution, etc 1974
300 ## - PHYSICAL DESCRIPTION
Extent 383 p.
942 ## - ADDED ENTRY ELEMENTS (KOHA)
Koha item type Books
Holdings
Withdrawn status Lost status Damaged status Home library Current library Date acquired Full call number Barcode Date last seen Price effective from Koha item type
      UMT Main Campus UMT Main Campus 2015-03-02 KHC 954.915 MIR-S 69962 2015-03-02 2015-03-02 Books